000 00652nam a2200181Ia 4500
008 090124s9999 xx 000 0 und d
082 _b20506
_a504
100 _a"पदे, पाटील, गद्रे, गुर्जर"
245 _a औषधी बाड (भाग 1 ते 3)
250 _a1
260 _c1974
300 _a342
600 _a"पदे, पाटील, गद्रे, गुर्जर"
630 _a औषधी बाड (भाग 1 ते 3)
700 _a"पदे, पाटील, गद्रे, गुर्जर"
730 _a औषधी बाड (भाग 1 ते 3)
942 _cBOOK
999 _c134311
_d134311